000 00462nam a2200157 i 4500
001 27791
003 ES-MaACL
005 20230906153717.0
007 t|
008 030115s1934 fr ||||1| fre d
100 1 _aAyrault, Roger.
_924189
245 1 3 _aLa legende de Heinrich von Kleist
_b: un poete devant la critique /
_cRoger Ayrault.
260 _aParĂ­s :
_b[s.n.,
_c1934] (
_fPresses Modernes)
300 _a120 p. ;
_c26 cm.
852 _aES-MaACL
_j1767-F-6
999 _c27791
_d27791